000
00307nam a22001217a 4500
020
_a
978-81-7335-808-1
082
_a
530
_b
BAT/S
100
_a
SUNIL BATRA
245
_a
SARASWATI PHYSICS PART 1 & 2
_b
CLASS XII
260
_a
DELHI
_b
SARASWATI HOUSE PVT LTD
650
_a
PHYSICS FOR CLASS XII
_z
INDIA
942
_c
BK
999
_c
669
_d
669